000
00293nam a22001337a 4500
003
SGT
020
_a
978-1-398-30015-8
082
_a
641.3
_b
COU
100
_a
COUSINS, JOHN
245
_a
FOOD AND BEVERAGE SERVICE
260
_a
UK
_b
HOLDER PUB.
_c
2020
300
_a
407
942
_2
ddc
_c
BK
_0
2
999
_c
21036
_d
21036